| 000 | 00498cam a2200193ua 4500 | ||
|---|---|---|---|
| 001 | 5820 | ||
| 008 | 131023n ii |||gr||||Z||||||asm | ||
| 040 | _cMAIN | ||
| 082 | _a954.15 | ||
| 245 |
_aTripura Buranji _cby Ratnakandali |
||
| 250 | _a3rd ed. | ||
| 260 |
_aGuwahati: _bDeprtment of Antiquarian Studies, _c1990. |
||
| 300 | _axvi,101p. | ||
| 653 | _aHistory | ||
| 653 | _aTripura Buranji | ||
| 700 |
_aBhuyan,Surjya Kumar, _eEditor., |
||
| 700 |
_aKataki, Arjundas., _eAuthor. |
||
| 942 | _cBK | ||
| 999 |
_c4975 _d4975 |
||